[Event "Krakow op-B 31st"]
[Site "Krakow"]
[Date "2020.12.29"]
[Round "3"]
[White "Rudnik, Anna"]
[Black "Janus, Przemyslaw"]
[Result "1/2-1/2"]
[WhiteElo "1799"]
[BlackElo "2062"]
[PlyCount "145"]
[EventDate "2020.12.27"]
[EventType "swiss"]
[EventRounds "9"]
[EventCountry "POL"]
[SourceTitle "CBM 200 Extra"]
[Source "ChessBase"]
[SourceDate "2021.03.31"]
[SourceVersion "1"]
[SourceVersionDate "2021.03.31"]
[SourceQuality "1"]

1. e4 c5 2. Ne2 d6 3. g3 g6 4. Bg2 Bg7 5. 0-0 Nf6 6. c3 0-0 7. d4 cxd4 8. cxd4 Nc6 9. h3 Bd7 10. Nbc3 Rc8 11. Be3 a6 12. Qd2 Na5 13. b3 Nc6 14. Rad1 Qa5 15. f4 Rfd8 16. Na4 b5 17. Qxa5 Nxa5 18. Nb6 Rc6 19. Nxd7 Nxd7 20. e5 Rc2 21. Rd2 Rdc8 22. Be4 R2c7 23. Rdd1 Nc6 24. Bd2 Bf8 25. d5 Ncb8 26. Ba5 Ra7 27. exd6 exd6 28. f5 Nc5 29. Bb1 Re7 30. Nf4 Nbd7 31. fxg6 hxg6 32. h4 Ne5 33. Rc1 Rce8 34. Bb4 Ned7 35. h5 gxh5 36. Nxh5 Re5 37. Nf4 Bh6 38. Rce1 Rxe1 39. Rxe1 Rxe1+ 40. Bxe1 Bxf4 41. gxf4 Nf6 42. b4 Ncd7 43. Bf5 Nb6 44. Bh4 Nfxd5 45. Bd8 Nc4 46. Ba5 Nxa5 47. bxa5 Kf8 48. Bc8 Nc7 49. Kf2 Ke7 50. Ke3 Kd8 51. Bb7 Kd7 52. f5 d5 53. a3 Kd6 54. Kd4 f6 55. Bc8 Kc6 56. Kc3 Kc5 57. Bb7 d4+ 58. Kb3 Kd6 59. Kc2 Ke5 60. Kd3 Kxf5 61. Kxd4 Ke6 62. Kc5 Kd7 63. Kb6 f5 64. Bg2 Kd6 65. Bh3 f4 66. Bg2 Kd7 67. Bf3 Kd6 68. Bg4 Nd5+ 69. Kxa6 b4 70. axb4 Nxb4+ 71. Kb5 Nc6 72. a6 Kc7 73. Kc5 1/2-1/2

[Event "Krakow op-B 31st"]
[Site "Krakow"]
[Date "2020.12.28"]
[Round "2"]
[White "Janus, Przemyslaw"]
[Black "Dziewonski, Dariusz"]
[Result "1/2-1/2"]
[WhiteElo "2062"]
[BlackElo "1925"]
[PlyCount "115"]
[EventDate "2020.12.27"]
[EventType "swiss"]
[EventRounds "9"]
[EventCountry "POL"]
[SourceTitle "CBM 200 Extra"]
[Source "ChessBase"]
[SourceDate "2021.03.31"]
[SourceVersion "1"]
[SourceVersionDate "2021.03.31"]
[SourceQuality "1"]

1. d4 d5 2. c4 e6 3. Nc3 c6 4. Nf3 dxc4 5. e3 b5 6. a4 Bb4 7. Bd2 a5 8. Ne5 Nf6 9. Qf3 Bxc3 10. Bxc3 Qd5 11. axb5 cxb5 12. Rxa5 Rxa5 13. Bxa5 Qxf3 14. gxf3 Nbd7 15. b3 Nxe5 16. dxe5 Nd7 17. f4 Ba6 18. bxc4 bxc4 19. Bb4 f6 20. Bd6 Kf7 21. Kd2 Bb7 22. Rg1 Rc8 23. Kc3 Nb6 24. Be2 Nd5+ 25. Kc2 c3 26. Ra1 Kg6 27. Bd3+ f5 28. Ra7 Bc6 29. Be2 Ra8 30. Rxa8 Bxa8 31. Bb5 Kf7 32. Bc5 g6 33. Bd4 Bb7 34. Bxc3 Nxc3 35. Kxc3 Bf3 36. Kd4 Ke7 37. Kc5 Bd1 38. Bc6 Be2 39. Kd4 Bd1 40. Kd3 Bb3 41. Bf3 Ba4 42. h4 h5 43. Kd4 Be8 44. Kc5 Bf7 45. Bc6 Bg8 46. Kb6 Bf7 47. Kc7 Bg8 48. e4 Bf7 49. Kb6 Bg8 50. Kc5 Bf7 51. Kd4 Bg8 52. Bb5 Bf7 53. Be2 Be8 54. Bd1 Bf7 55. Ba4 Bg8 56. Bb5 Bf7 57. Be2 Be8 58. Bd1 1/2-1/2

[Event "Krakow op-B 30th"]
[Site "Krakow"]
[Date "2019.12.27"]
[Round "1"]
[White "Janus, Przemyslaw"]
[Black "Mirowska, Oliwia"]
[Result "1-0"]
[WhiteElo "2065"]
[BlackElo "1925"]
[PlyCount "57"]
[EventDate "2019.12.27"]
[EventType "swiss"]
[EventRounds "9"]
[EventCountry "POL"]
[SourceTitle "CBM 195 Extra"]
[Source "ChessBase"]
[SourceDate "2020.05.31"]
[SourceVersion "1"]
[SourceVersionDate "2020.05.31"]
[SourceQuality "1"]

1. d4 d6 2. Nf3 f5 3. c4 Nf6 4. Nc3 g6 5. g3 Bg7 6. Bg2 0-0 7. 0-0 c6 8. d5 e5 9. dxe6 Bxe6 10. Qd3 d5 11. cxd5 Nxd5 12. Ng5 Nc7 13. Qc2 Qf6 14. Bf4 Nba6 15. Rad1 Rad8 16. Qa4 h6 17. Rxd8 Rxd8 18. Bxc7 Rd4 19. Qa3 Qxg5 20. Bf4 Qf6 21. Be3 Rg4 22. Qd6 Bf8 23. Qd2 Rb4 24. b3 g5 25. Rd1 Bg7 26. Na4 Rb5 27. Bxa7 Bd5 28. Bd4 Qf7 29. Nc3 1-0

[Event "Krakow op-B 29th"]
[Site "Krakow"]
[Date "2019.01.03"]
[Round "8"]
[White "Janus, Przemyslaw"]
[Black "Skurniak, Szymon"]
[Result "1-0"]
[WhiteElo "2091"]
[BlackElo "1895"]
[PlyCount "63"]
[EventDate "2018.12.27"]
[EventType "swiss"]
[EventRounds "9"]
[EventCountry "POL"]
[SourceTitle "CBM 189 Extra"]
[Source "ChessBase"]
[SourceDate "2019.06.03"]
[SourceVersion "1"]
[SourceVersionDate "2019.06.03"]
[SourceQuality "1"]

1. d4 Nf6 2. c4 e6 3. Nc3 Bb4 4. e3 0-0 5. Bd3 c5 6. Nge2 d5 7. cxd5 cxd4 8. exd4 Nxd5 9. 0-0 Nc6 10. Be4 Nce7 11. Qb3 Bd6 12. Bg5 h6 13. Bh4 Qa5 14. Rac1 Nxc3 15. Nxc3 Nc6 16. Bxc6 bxc6 17. Ne4 Rb8 18. Qe3 Ba6 19. Nxd6 Bxf1 20. Rxf1 Qd5 21. Be7 f5 22. b3 f4 23. Qe5 Rb6 24. Bxf8 Kxf8 25. Qxf4+ Kg8 26. Nc4 Rb7 27. Ne5 a5 28. h4 a4 29. h5 Rb8 30. Qf7+ Kh7 31. Nd7 Rh8 32. Nf6# 1-0

[Event "Krakow op-B 29th"]
[Site "Krakow"]
[Date "2018.12.27"]
[Round "1"]
[White "Koziorowicz, Michal"]
[Black "Janus, Przemyslaw"]
[Result "0-1"]
[WhiteElo "1872"]
[BlackElo "2091"]
[PlyCount "60"]
[EventDate "2018.12.27"]
[EventType "swiss"]
[EventRounds "9"]
[EventCountry "POL"]
[SourceTitle "CBM 189 Extra"]
[Source "ChessBase"]
[SourceDate "2019.06.03"]
[SourceVersion "1"]
[SourceVersionDate "2019.06.03"]
[SourceQuality "1"]

1. e4 c5 2. Nf3 d6 3. d4 cxd4 4. Nxd4 Nf6 5. Nc3 g6 6. Be3 Bg7 7. f3 Nc6 8. Qd2 0-0 9. Bc4 Nd7 10. 0-0-0 Nb6 11. Bb3 Na5 12. Qe2 Bd7 13. h4 Rc8 14. h5 Nbc4 15. hxg6 fxg6 16. Bh6 Bxh6+ 17. Rxh6 e5 18. Rdh1 exd4 19. Rxh7 Qg5+ 20. Kb1 dxc3 21. f4 Rxf4 22. Rh8+ Kg7 23. R8h7+ Kf6 24. Rxd7 Nxb3 25. cxb3 Nd2+ 26. Kc2 cxb2+ 27. Kxb2 Qe5+ 28. Ka3 Qc5+ 29. Kb2 Qc2+ 30. Ka3 Nc4+ 0-1

[Event "Krakow op-A 26th"]
[Site "Krakow"]
[Date "2015.12.31"]
[Round "5"]
[White "Dzierzak, Radoslaw"]
[Black "Janus, Przemyslaw"]
[Result "1/2-1/2"]
[WhiteElo "2203"]
[BlackElo "2104"]
[PlyCount "57"]
[EventDate "2015.12.27"]
[EventType "swiss"]
[EventRounds "9"]
[EventCountry "POL"]
[SourceTitle "CBM 170 Extra"]
[Source "ChessBase"]
[SourceDate "2016.02.25"]
[SourceVersion "1"]
[SourceVersionDate "2016.02.25"]
[SourceQuality "1"]

1. e4 c5 2. Nf3 d6 3. Bb5+ Bd7 4. Bxd7+ Qxd7 5. 0-0 Nc6 6. c4 e5 7. Nc3 g6 8. a3 Bg7 9. b4 Nge7 10. b5 Nd4 11. d3 0-0 12. a4 f5 13. Nxd4 exd4 14. Nd5 fxe4 15. dxe4 Nxd5 16. exd5 Rf7 17. Qd3 Raf8 18. Bd2 Qg4 19. f3 Qh5 20. Qe4 Be5 21. h3 Re7 22. Rae1 Rfe8 23. f4 Bf6 24. Qd3 Qf5 25. Qxf5 gxf5 26. Rxe7 Rxe7 27. Kf2 Kf7 28. Re1 Rxe1 29. Bxe1 1/2-1/2

[Event "POL-ch U26"]
[Site "Zabrze"]
[Date "2015.01.10"]
[Round "2"]
[White "Janus, Przemyslaw"]
[Black "Sadzikowski, Daniel"]
[Result "0-1"]
[WhiteElo "2081"]
[BlackElo "2496"]
[PlyCount "118"]
[EventDate "2015.01.10"]
[EventType "swiss"]
[EventRounds "9"]
[EventCountry "POL"]
[SourceTitle "EXT 2016"]
[Source "ChessBase"]
[SourceDate "2015.10.08"]
[SourceVersion "1"]
[SourceVersionDate "2015.10.08"]
[SourceQuality "1"]

1. d4 Nf6 2. c4 e6 3. Nc3 Bb4 4. e3 c5 5. Nge2 cxd4 6. exd4 0-0 7. a3 Be7 8. Nf4 b6 9. Be2 Bb7 10. 0-0 d6 11. Bf3 Qc8 12. Bxb7 Qxb7 13. b3 Nbd7 14. Bb2 Rac8 15. Qe2 Rfe8 16. d5 e5 17. Nd3 a6 18. a4 Nc5 19. Qc2 Nh5 20. Nb4 a5 21. Nc6 Bf8 22. Ba3 Na6 23. Nb5 Qd7 24. Rae1 Nf4 25. Bc1 Ng6 26. f4 exf4 27. Qf2 Nc5 28. Qf3 Rxe1 29. Rxe1 Re8 30. Rxe8 Qxe8 31. Bd2 f5 32. h3 Qe4 33. Qxe4 fxe4 34. b4 Nxa4 35. bxa5 bxa5 36. Nxa5 e3 37. Be1 Nc5 38. Kf1 Ne5 39. Ke2 g5 40. Bc3 Ned7 41. Nc6 h5 42. Ncd4 Ne4 43. Ba1 Ng3+ 44. Kf3 Nc5 45. Ne2 Nxe2 46. Kxe2 Ne4 47. Bd4 Kf7 48. Nc3 Nxc3+ 49. Bxc3 Kg6 50. Bd4 Kf5 51. Kf3 g4+ 52. hxg4+ hxg4+ 53. Ke2 Ke4 54. Ba7 f3+ 55. gxf3+ gxf3+ 56. Kf1 Be7 57. Bb8 e2+ 58. Kf2 Bh4+ 59. Kg1 e1Q+ 0-1

[Event "Rewal op-A 18th"]
[Site "Rewal"]
[Date "2013.08.21"]
[Round "2"]
[White "Marczuk, Anna"]
[Black "Janus, Przemyslaw"]
[Result "1/2-1/2"]
[WhiteElo "1780"]
[BlackElo "2121"]
[PlyCount "40"]
[EventDate "2013.08.20"]
[EventType "swiss"]
[EventRounds "9"]
[EventCountry "POL"]
[SourceTitle "CBM 156 Extra"]
[Source "ChessBase"]
[SourceDate "2013.10.22"]
[SourceVersion "1"]
[SourceVersionDate "2013.10.22"]
[SourceQuality "1"]

1. e4 c5 2. Nf3 d6 3. d4 cxd4 4. Nxd4 Nf6 5. Nc3 g6 6. Be3 Bg7 7. f3 Nc6 8. Qd2 0-0 9. 0-0-0 Nxd4 10. Bxd4 Be6 11. Kb1 Qc7 12. h4 Rfc8 13. h5 Qa5 14. hxg6 hxg6 15. a3 Rab8 16. Bd3 a6 17. g4 b5 18. Qg5 Qc7 19. e5 dxe5 20. Bxe5 Qc5 1/2-1/2

[Event "Ogolnopolski-ch 55th"]
[Site "Zamosc"]
[Date "2013.??.??"]
[Round "7"]
[White "Kuzmicz, Krystian"]
[Black "Janus, Przemyslaw"]
[Result "1-0"]
[WhiteElo "2465"]
[BlackElo "2142"]
[PlyCount "47"]
[EventDate "2013.06.07"]
[EventType "swiss"]
[EventRounds "9"]
[EventCountry "POL"]
[SourceTitle "EXT 2014"]
[Source "ChessBase"]
[SourceDate "2013.11.20"]
[SourceVersion "1"]
[SourceVersionDate "2013.11.20"]
[SourceQuality "1"]

1. Nf3 d5 2. c4 dxc4 3. Na3 Nf6 4. Nxc4 g6 5. b3 Bg7 6. Bb2 0-0 7. g3 c6 8. Bg2 Nbd7 9. 0-0 Nb6 10. Qc2 Bf5 11. d3 Bg4 12. Nfe5 Be6 13. d4 Rc8 14. e4 Nfd7 15. Rfd1 Qc7 16. Nxd7 Nxd7 17. d5 cxd5 18. Bxg7 Kxg7 19. exd5 Bg4 20. f3 b5 21. Qb2+ Nf6 22. fxg4 Qc5+ 23. Kh1 Kg8 24. Ne5 1-0